000
00267nam a22001097a 4500
008
170104b xxu||||| |||| 00| 0 eng d
020
_a
9781582553443
041
_a
eng
080
_a
618.2
245
_a
2005 LIPPINCOTT'S NURSING DRUG GUIDE
_c
Karch, A.M
942
_2
udc
_c
BK
999
_c
2523
_d
2523